Encyclopaedic visions : Scientific dictionaries and enlightenment culture
Encyclopaedic Visions provides a major contribution to Enlightenment studies, the history of science, and the history of ideas in general. Richard Yeo places these scientific dictionaries in a rich cultural framework of debate that includes the classification of knowledge, the tradition of commonpla...
Αποθηκεύτηκε σε:
| Κύριος συγγραφέας: | |
|---|---|
| Μορφή: | Βιβλίο |
| Γλώσσα: | Undetermined |
| Έκδοση: |
Cambridge UK
Cambridge University Press
2001
|
| Θέματα: | |
| Ετικέτες: |
Προσθήκη ετικέτας
Δεν υπάρχουν, Καταχωρήστε ετικέτα πρώτοι!
|
| Thư viện lưu trữ: | Trung tâm Học liệu Trường Đại học Cần Thơ |
|---|
| LEADER | 01187nam a2200229Ia 4500 | ||
|---|---|---|---|
| 001 | CTU_167557 | ||
| 008 | 210402s9999 xx 000 0 und d | ||
| 020 | |c 99 | ||
| 082 | |a 031 | ||
| 082 | |b Y46 | ||
| 100 | |a Yeo, Richard R. | ||
| 245 | 0 | |a Encyclopaedic visions : | |
| 245 | 0 | |b Scientific dictionaries and enlightenment culture | |
| 245 | 0 | |c Richard Yeo | |
| 260 | |a Cambridge UK | ||
| 260 | |b Cambridge University Press | ||
| 260 | |c 2001 | ||
| 520 | |a Encyclopaedic Visions provides a major contribution to Enlightenment studies, the history of science, and the history of ideas in general. Richard Yeo places these scientific dictionaries in a rich cultural framework of debate that includes the classification of knowledge, the tradition of commonplaces, the Republic of Letters, the Enlightenment public sphere, copyright issues, and the specialization of science. | ||
| 650 | |a Science,Encyclopedias and dictionaries,Khoa học | ||
| 650 | |x History,Encyclopedias,History and criticism,History and criticism,Lịch sử,Bạch khoa toàn thư,Lịch sử và phê bình | ||
| 904 | |i Trọng Hiếu | ||
| 980 | |a Trung tâm Học liệu Trường Đại học Cần Thơ | ||